Useimmin arvatut Aasian valtiot JetPunkissa - Statistics

Yleistilastot
  • Tätä visaa on pelattu 1 092 kertaa
  • Keskiarvotulos 9 / 11
Vastaustilastot
% Valtio % Oikein
99 Kiina
100%
97 Japani
99%
97 Intia
96%
95 Etelä-Korea
89%
92 Thaimaa
85%
95 Pohjois-Korea
83%
92 Iran
79%
92 Irak
78%
90 Saudi-Arabia
73%
93 Turkki
73%
91 Mongolia
69%
Ehtoja vastaavia visoja ei löytynyt
Tulosjakauma
Jokaisen tuloksen saaneiden osuus
Persentiili vastausten määrän mukaan
Tuloshistoriasi
Et ole pelannut tätä visaa